|
|
|
|
| LEADER |
00000nab a2200000 a 4500 |
| 001 |
vtls000565004 |
| 003 |
SK-MaSNL |
| 005 |
20260303163927.0 |
| 008 |
150501c1995 xo 0 slo |
| 015 |
|
|
|a SNBRB19rr/mm-uuuuu
|
| 035 |
|
|
|a CL0565142
|
| 040 |
|
|
|a SNKBUCL
|b slo
|c SNKBUCL
|e AACR2
|
| 041 |
0 |
|
|a slo
|
| 044 |
|
|
|a xo
|c SK
|
| 080 |
|
|
|a 502.3(4:437.6):502.4(437.6):394.268:504.06(4.437.6)
|2 1981
|
| 080 |
|
|
|a 502.4(437.6)
|2 1981
|
| 080 |
|
|
|a 394.268
|2 1981
|
| 080 |
|
|
|a 504.06(4.437.6)
|2 1981
|
| 100 |
1 |
|
|a Seman, Karol,
|d 1943-
|4 aut
|9 56441
|
| 245 |
1 |
0 |
|a Rok ochrany európskej prírody
|b Rozhovor s Karolom Semanom, vedúcim odboru ekologickej výchovy Štátnych lesov TANAP-u
|c Karol Seman, Anna Papiežová
|
| 300 |
|
|
|b Obr. 2
|
| 650 |
0 |
7 |
|a Rok ochrany európskej prírody 1995
|2 snkbucl
|9 991638
|
| 651 |
|
7 |
|a Tatranský národný park (Slovensko)
|2 snkbucl
|9 106968
|
| 655 |
|
7 |
|a články z novín a časopisov
|2 snkbucl
|9 267496
|
| 700 |
1 |
|
|a Papiežová, Anna,
|d 1941-
|4 aut
|9 115315
|
| 773 |
0 |
|
|t Národná osveta
|g Roč. 5, č. 15 (1995), s. 15-16
|
| 850 |
|
|
|a Slovenská národná knižnica v Martine
|a MTA001
|
| 852 |
|
|
|a SNK
|b KIS3GCP
|
| 958 |
|
|
|a RK
|
| 958 |
|
|
|a SK
|
| 992 |
|
|
|a RBX
|
| 999 |
|
|
|c 2062239
|d 2064169
|